| 000 | 00680nam a2200241Ia 4500 | ||
|---|---|---|---|
| 005 | 20220720153103.0 | ||
| 008 | 131103s9999 xx 000 0 und d | ||
| 010 | _a8185825114 | ||
| 020 | _aRs.100 | ||
| 040 | _aLoreto College | ||
| 041 | _aEnglish | ||
| 082 |
_a526 _bKAN |
||
| 100 | _aKanetkar,T.P. | ||
| 245 |
_aSurveying & leveling Part I _cT.P.Kanetkar and S.V.Kulkarni |
||
| 250 | _a[Revised and brought upto date in SI units] | ||
| 260 |
_aPune _bPune Vidyarthi Griha Prakashan _c1997 |
||
| 300 |
_a608 p. _b illus. |
||
| 504 | _aIncludes appendices and index | ||
| 650 | _aMathematical Geography | ||
| 700 | _aKulkarni,S.V. | ||
| 850 | _aLCLIB | ||
| 942 | _cBK | ||
| 999 |
_c12620 _d63099 |
||